书目信息 |
| 题名: |
管理决策新思维
|
|
| 作者: | 杨乃定 , 李怀祖 编著 | |
| 分册: | ||
| 出版信息: | 西安 西北工业大学出版社 2004.10 |
|
| 页数: | 286页 | |
| 开本: | 21cm | |
| 丛书名: | ||
| 单 册: | ||
| 中图分类: | C934 | |
| 科图分类: | ||
| 主题词: | 管理--决策--研究 | |
| 电子资源: | ||
| ISBN: | 7-5612-1758-7 | |
| 000 | 00889nam0 2200253 450 | |
| 001 | 0144847514 | |
| 005 | 20050520102632.73 | |
| 010 | @a7-5612-1758-7@dCNY23.00 | |
| 100 | @a20041211d2004 km y0chiy0120 ea | |
| 101 | 0 | @achi |
| 102 | @aCN@b610000 | |
| 105 | @aa a 000yy | |
| 200 | 1 | @a管理决策新思维@Aguan li jue ce xin si wei@e制定科学合理决策的方法@d= Making Reasonable Decision Scientifically@f杨乃定,李怀祖编著@Fyang nai ding,li huai zu bian zhu@zeng |
| 210 | @a西安@c西北工业大学出版社@d2004.10 | |
| 215 | @a286页@c图@d21cm | |
| 320 | @a有书目。 | |
| 510 | 1 | @aMaking Reasonable Decision Scientifically@zeng |
| 517 | 1 | @a制定科学合理决策的方法@Azhi ding ke xue he li jue ce de fang fa |
| 606 | 0 | @a管理@x决策@x研究 |
| 690 | @aC934@v4 | |
| 701 | 0 | @a杨乃定@Ayang nai ding@4编著 |
| 701 | 0 | @a李怀祖@Ali huai zu@4编著 |
| 801 | 0 | @aCN@bQSSK@c20050520 |
| 905 | @dC934@eY230 | |
| 管理决策新思维:制定科学合理决策的方法= Making Reasonable Decision Scientifically/杨乃定,李怀祖编著.-西安:西北工业大学出版社,2004.10 |
| 286页:图;21cm |
| ISBN 7-5612-1758-7:CNY23.00 |
| ● |
| 相关链接 |
|
|
|
正题名:管理决策新思维
索取号:C934/Y230
 
预约/预借
| 序号 | 登录号 | 条形码 | 馆藏地/架位号 | 状态 | 备注 |
| 1 | 497952 | 204979522 | 社科库509/509社科库 66排1列2层/ [索取号:C934/Y230] | 在馆 | |
| 2 | 497953 | 204979531 | 社科库509/509社科库 66排1列2层/ [索取号:C934/Y230] | 在馆 | |
| 3 | 497954 | 204979540 | 社科库509/509社科库 66排1列2层/ [索取号:C934/Y230] | 在馆 |